Quiz à cliquer sur 5 pays - Statistiques

Statistiques générales
  • Ce quiz a été pris 165 fois
  • Le résultat moyen est 8 sur 15
Statistiques - réponses
Hint Réponse % Correct
C’est le plus proche des États-Unis Nicaragua
77%
Le sport le plus populaire est le rugby Fidji
74%
A moins d’un million d’habitants Fidji
70%
Est plus grand que la France Angola
68%
La langue officielle est le français Togo
64%
La capitale est Managua Nicaragua
59%
la langue officielle est le portugais Angola
58%
Son drapeau contient du vert Togo
56%
La capitale est Suva Fidji
55%
A une pyramide sur son drapeau Nicaragua
53%
Sans accès à la mer Laos
50%
Est communiste Laos
41%
C’est le pays le plus bombardé par habitant Laos
36%
A des frontières avec trois pays Togo
32%
fait partie des 100 meilleures équipes FIFA Angola
20%
Aucun quiz correspondant
Distribution des résultats
% des personnes avec chaque résultat
Percentile par nombre de réponses
Votre historique - résultats
Vous n’avez pas pris ce quiz